北京地铁10号线站点地图(Map of Beijing Subway Line 10) - Statistics

General Stats
  • This quiz has been taken 22 times
    21 since last reset
  • The average score is 32 of 45
Answers on the Map
Answers color-coded by a green-red scale on the quiz's map according to % correct below.
 
Answer Stats
站点 % Correct
巴沟
100%
知春里
100%
知春路
91%
金台夕照
91%
国贸
91%
草桥
91%
火器营
91%
苏州街
82%
海淀黄庄
82%
芍药居
82%
三元桥
82%
首经贸
82%
六里桥
82%
公主坟
82%
西土城
73%
牡丹园
73%
北土城
73%
惠新西街南口
73%
太阳宫
73%
亮马桥
73%
农业展览馆
73%
团结湖
73%
呼家楼
73%
双井
73%
潘家园
73%
角门东
73%
角门西
73%
丰台站
73%
西局
73%
长春桥
73%
健德门
64%
劲松
64%
分钟寺
64%
成寿寺
64%
宋家庄
64%
大红门
64%
泥洼
64%
安贞门
55%
十里河
55%
莲花桥
55%
西钓鱼台
55%
车道沟
55%
纪家庙
45%
慈寿寺
45%
石榴庄
36%
No matching quizzes found
Score Distribution
Percent of People with Each Score
Percentile by Number Answered
Your Score History
You have not taken this quiz since the last reset